| 000 | 00778nas a2200265 i 4500 | ||
|---|---|---|---|
| 001 | 2324 | ||
| 003 | ES-MaACL | ||
| 005 | 20250819170102.0 | ||
| 007 | t| | ||
| 008 | 950801c1983 sp | | 1 ||pa d | ||
| 022 | _a2480-8555 | ||
| 080 | _a396 | ||
| 245 | 0 | 0 |
_aTF : _btribuna feminista / _cCentro Feminista de Estudios y Documentación. |
| 246 | 1 | _aTribuna feminista | |
| 260 |
_aMadrid : _bCentro Feminista de Estudios y Documentación, _c1983- |
||
| 300 |
_a1 v. ; _c43 cm. |
||
| 310 | _aIrregular | ||
| 362 | 0 | _aN. 1 (1983)- | |
| 500 | _aDescripción basada en: nº. 2. | ||
| 650 | 1 | 7 |
_aFeminismo _2embne _912744 |
| 710 | 2 |
_aCentro Feminista de Estudios y Documentación. _92738 |
|
| 852 |
_aES-MaACL _jHem-1921 |
||
| 866 | 0 | _o1984-88. | |
| 999 |
_c2324 _d2324 |
||